| 000 | 00438nam a22001457a 4500 | ||
|---|---|---|---|
| 082 | _a004 | ||
| 100 | _aKhan, Waqas Ali | ||
| 245 |
_aDigital Forensic Analysis of IPhone / _cWaqas Ali Khan |
||
| 260 |
_aIslamabad : _bMCS - NUST, _c2012. |
||
| 300 |
_a51 p. ; _c30cm. |
||
| 650 |
_aInformation Technology-MS-Thesis _916355 |
||
| 700 |
_aDr. Faheem Arif _934959 |
||
| 942 |
_2ddc _cTHE |
||
| 999 |
_c540777 _d540777 |
||